000 00287nam a22001337a 4500
008 170824b xxu||||| |||| 00| 0 eng d
020 _a9780471618423
041 _aeng
080 _a51
100 _a38
101 _aMAT
245 _aALTERNATE REALITIES
_cCASTI,J,L
942 _2udc
_cBK
999 _c24951
_d24951